00273nam a2200121Ia 4500100003100000650001400031654001200045245003800057260002600095082001000121300000800131546001200139 aStrepikheyev/Derevitskayn  aChemistry aPolymer aFirst Course In Polymer Chemistry bMir Publishersc2001 a547.8 a448 aENGLISH